Protecting badger setts after the Green case (Record no. 73297)
[ view plain ]
| 000 -LEADER | |
|---|---|
| fixed length control field | 01208cam a2200241 4500 |
| 001 - CONTROL NUMBER | |
| control field | ABS67007 |
| 008 - FIXED-LENGTH DATA ELEMENTS--GENERAL INFORMATION | |
| fixed length control field | 030828n2003 000 0 eng u |
| 035 ## - SYSTEM CONTROL NUMBER | |
| System control number | (Sirsi) u123396 |
| 100 ## - MAIN ENTRY--PERSONAL NAME | |
| Personal name | Martin, B. |
| 245 ## - TITLE STATEMENT | |
| Title | Protecting badger setts after the Green case |
| 260 ## - PUBLICATION, DISTRIBUTION, ETC. | |
| Date of publication, distribution, etc. | 2003 |
| 490 ## - SERIES STATEMENT | |
| Series statement | Journal of Planning and Environment Law |
| Volume/sequential designation | September 2003, 1098-1108(11) |
| 520 ## - SUMMARY, ETC. | |
| Summary, etc. | Badgers have been persecuted for centuries. A raft of legislation has evolved to protect this species but a recent case appears to have exposed a major loophole in badger protection, namely in protection of their homes or setts. Examines the case "D P P v Green" ([2001] WLR 505) , in detail. Considers and analyses past and current legisation such as the Badgers Act 1991. Discusses whether Parliament's intention in passing the Badgers Act is being carried out and whether there is a loophole in the "Green" case. Proposes a new offence of attempting to interfere with a badger sett. |
| 590 ## - LOCAL NOTE (RLIN) | |
| Local note | ABS |
| 650 ## - SUBJECT ADDED ENTRY--TOPICAL TERM | |
| Topical term or geographic name entry element | BADGERS |
| 650 ## - SUBJECT ADDED ENTRY--TOPICAL TERM | |
| Topical term or geographic name entry element | D P P V GREEN |
| 650 ## - SUBJECT ADDED ENTRY--TOPICAL TERM | |
| Topical term or geographic name entry element | BADGERS ACT 1991 |
| 650 ## - SUBJECT ADDED ENTRY--TOPICAL TERM | |
| Topical term or geographic name entry element | PROTECTED SPECIES |
| 650 ## - SUBJECT ADDED ENTRY--TOPICAL TERM | |
| Topical term or geographic name entry element | WILDLIFE CONSERVATION |
| 650 ## - SUBJECT ADDED ENTRY--TOPICAL TERM | |
| Topical term or geographic name entry element | DEFINITIONS |
| 690 ## - LOCAL SUBJECT ADDED ENTRY--TOPICAL TERM (OCLC, RLIN) | |
| Topical term or geographic name as entry element | LAW-UK |
| 942 ## - ADDED ENTRY ELEMENTS (KOHA) | |
| Suppress in OPAC | 0 |
| Withdrawn status | Lost status | Source of classification or shelving scheme | Damaged status | Not for loan | Home library | Current library | Shelving location | Date acquired | Total Checkouts | Full call number | Barcode | Date last seen | Copy number | Price effective from | Koha item type |
|---|---|---|---|---|---|---|---|---|---|---|---|---|---|---|---|
| Dewey Decimal Classification | London | London | Journal article | 28/08/2003 | ABS67007 | 123396-1001 | 06/08/2019 | 1 | 06/08/2019 | Journal article |